00473nam a2200157Ia 45000030006000000080041000060400015000471000023000622450045000852600009001305460012001399420012001519990017001630050017001809520118001970STCL150530s9999 xx 000 0 und d aSTCLcSTCL aGrain seeds Bombay aGrain and Oilseeds Merchants Association c1960 aEnglish 2ddccBK c15119d1511920220125165724.0 00102ddc4070aSTCALbSTCALcGENd2015-05-30g10.00l0o348.041-112p42126r2015-05-30 00:00:00w2015-05-30yBK